| 000 | 00693nam a2200217 a 4500 | ||
|---|---|---|---|
| 001 | 14108 | ||
| 003 | BD-JhCC | ||
| 005 | 20241210123952.0 | ||
| 008 | 241210b2004 b |||| ||a| 000 0 b d | ||
| 035 | _a(BD-JhCC)14108 | ||
| 040 |
_aBD-JhCC _dBD-JhCC |
||
| 041 | _abengali | ||
| 082 |
_a297 _bISL 2004 |
||
| 100 | _a ইসলাম,এ. এন. এম. সিরাজুল | ||
| 245 |
_aইসলামে মসজিদের ভূমিকা / _cএ. এন. এম. সিরাজুল ইসলাম। |
||
| 260 |
_aঢাকা: _bআধুনিক প্রকাশনী; _c2004. |
||
| 300 |
_a156 p. : _c22 cm. |
||
| 650 | _aIslamic | ||
| 942 |
_2ddc _cBK |
||
| 999 |
_c14108 _d14108 |
||